Most Common Street Names in the United States - Extreme - Statistics

General Stats
  • This quiz has been taken 180 times
  • The average score is 37 of 100
Answer Stats
Hint Answer % Correct
1. Main St
90%
72. Washington Ave
85%
15. Washington St
85%
69. 10th St
80%
86. 5th Ave
80%
12. 5th St
80%
24. 7th St
80%
73. 4th Ave
79%
6. 4th St
79%
16. 6th St
79%
40. 8th St
79%
54. 9th St
79%
42. 2nd Ave
78%
2. 2nd St
78%
49. 3rd Ave
78%
3. 3rd St
78%
75. Lincoln Ave
76%
48. Lincoln St
76%
43. 1st Ave
73%
4. 1st St
73%
5. Oak St
71%
70. Adams St
70%
46. Jefferson St
69%
66. East St
66%
23. North St
66%
28. South St
66%
39. West St
66%
8. Pine St
63%
27. River Rd
62%
21. Park Ave
61%
25. Park St
61%
7. Elm St
57%
53. Maple Ave
52%
10. Maple St
52%
47. Hill St
50%
67. Franklin St
47%
44. Jackson St
47%
94. Green St
43%
9. Church St
42%
84. Smith Rd
40%
98. Smith St
40%
20. High St
39%
81. Grant St
37%
68. Cedar Ln
34%
22. Cedar St
34%
60. Central Ave
33%
76. Birch St
31%
37. School St
31%
19. Center St
30%
32. Cherry St
30%
62. Willow St
30%
34. Spring St
28%
97. James St
27%
11. Walnut St
27%
52. Water St
25%
41. Spruce St
24%
29. Chestnut St
23%
85. State St
23%
56. Ash St
22%
26. Sunset Dr
20%
78. Grove St
19%
31. Mill St
19%
33. Lakeview Dr
17%
57. Poplar St
17%
30. Ridge Rd
17%
61. Front St
16%
93. Hickory Ln
16%
89. Hickory St
16%
36. Meadow Ln
15%
95. Riverside Dr
14%
87. Charles St
13%
92. Dogwood Ln
12%
63. Highland Ave
12%
71. Vine St
12%
55. Locust St
8%
59. Airport Rd
6%
38. Circle Dr
6%
58. County Line Rd
6%
80. Hillside Dr
6%
51. Railroad Ave
6%
35. Railroad St
6%
50. Short St
6%
82. E 2nd St
5%
79. E 3rd St
5%
100. E 4th St
5%
90. N 2nd St
5%
77. W 3rd St
5%
88. W 4th St
5%
17. E Main St
4%
91. N 3rd St
4%
13. N Main St
4%
83. Pearl St
4%
14. S Main St
4%
74. W 2nd St
4%
18. W Main St
4%
65. Woodland Dr
4%
99. Fairway Dr
3%
96. Cemetary Rd
2%
64. Hillcrest Dr
2%
45. Shady Ln
2%
No matching quizzes found
Score Distribution
Percent of People with Each Score
Percentile by Number Answered
Your Score History
You have not taken this quiz